[Event "HUN-chT9899"]
[Site "HUN"]
[Date "1999.??.??"]
[Round "?"]
[White "Beliavsky, Alexander G"]
[Black "Pinter, Jozsef"]
[Result "1/2-1/2"]
[WhiteElo "2645"]
[BlackElo "2595"]
[PlyCount "164"]
[EventDate "1998.??.??"]
[Source "www.chesslib.no"]
[SourceDate "2004.05.04"]

1. d4 Nf6 2. c4 e6 3. Nf3 d5 4. Nc3 c6 5. Bg5 Nbd7 6. e3 Qa5 7. Nd2 dxc4 8. Bxf6 Nxf6 9. Nxc4 Qc7 10. a3 Be7 11. Rc1 O-O 12. b4 Nd5 13. Be2 Bd7 14. O-O Rfd8 15. Qb3 Be8 16. Rc2 Bf8 17. Rfc1 Qe7 18. Ne4 Rac8 19. Nc5 Rc7 20. Bf3 Nf6 21. a4 Nd5 22. Rb1 Rcc8 23. g3 h6 24. Kg2 Rc7 25. Rcb2 b6 26. Nd3 Rb8 27. h4 Qd8 28. Qc2 Rcc8 29. Nd2 Ra8 30. h5 Rc7 31. Rc1 Rac8 32. Ne4 Qe7 33. Qb1 Qd8 34. Qa2 Ra8 35. Nc3 Rac8 36. Qb3 Be7 37. Rbc2 Bf8 38. Na2 Qd6 39. Rb1 Qd7 40. Ne5 Qd6 41. Nd3 Qd7 42. Nc3 Qe7 43. a5 Qd8 44. axb6 axb6 45. Rbc1 Qe7 46. b5 Nxc3 47. Qxc3 c5 48. dxc5 Bxb5 49. Qb3 Bxd3 50. Qxd3 Rxc5 51. Rxc5 bxc5 52. Qe4 Qc7 53. Be2 Qc6 54. Qxc6 Rxc6 55. g4 Rb6 56. Rc2 Bd6 57. Ra2 Kf8 58. f4 Ke7 59. Kf3 Bb8 60. Ra4 Rb2 61. Bc4 Rc2 62. Bd3 Rd2 63. Bc4 Rc2 64. Bb5 Rb2 65. Bc4 Rb7 66. Ra5 Bd6 67. Ke4 Kf6 68. Ra6 Rd7 69. Bb5 Rd8 70. Ra7 g6 71. hxg6 fxg6 72. Bc4 g5 73. fxg5+ hxg5 74. Ra6 Rd7 75. Rb6 Ke7 76. Ba6 Rd8 77. Rb7+ Kf6 78. Rb6 Bc7 79. Rc6 Bd6 80. Rb6 Be7 81. Rc6 Bd6 82. Rb6 Be7 1/2-1/2

[Event "FRA-ch"]
[Site "Val d'Isere"]
[Date "2002.08.25"]
[Round "7"]
[White "Dorfman, Josif D"]
[Black "Fressinet, Laurent"]
[Result "1/2-1/2"]
[WhiteElo "2617"]
[BlackElo "2619"]
[PlyCount "42"]
[EventDate "2002.08.19"]
[Source "ChessBase"]
[SourceDate "2002.11.12"]

1. d4 d5 2. c4 c6 3. Nf3 Nf6 4. Nc3 e6 5. Bg5 Nbd7 6. e3 Qa5 7. cxd5 Nxd5 8. Qd2 Bb4 9. Rc1 O-O 10. Bd3 h6 11. Bh4 e5 12. a3 Bxc3 13. bxc3 Re8 14. c4 Qxd2+ 15. Nxd2 Ne7 16. O-O exd4 17. exd4 Nf8 18. Rfe1 Bf5 19. Rxe7 Bxd3 20. Rxb7 Ne6 21. Nf3 Nf4 1/2-1/2

[Event "BL 0607 SK König-Tegel - OSC Baden Bade"]
[Site "Germania"]
[Date "2006.12.10"]
[Round "6.1"]
[White "Bacrot, Etienne"]
[Black "Rabiega, Robert"]
[Result "1-0"]
[WhiteElo "2705"]
[BlackElo "2529"]
[PlyCount "75"]
[EventDate "2006.10.28"]
[Source "www.chesslib.no"]
[SourceDate "2004.05.04"]

1. c4 e6 2. d4 d5 3. Nc3 Nf6 4. Bg5 Nbd7 5. e3 c6 6. Nf3 Qa5 7. Nd2 Bb4 8. Qc2 O-O 9. Be2 c5 10. O-O cxd4 11. Nb3 Qb6 12. Na4 Qc7 13. Nxd4 dxc4 14. Bxc4 Ne5 15. Bxe6 Qxc2 16. Nxc2 Bxe6 17. Nxb4 Ne4 18. Bf4 Ng6 19. f3 Bd7 20. fxe4 Bxa4 21. b3 Bd7 22. Rfd1 Be6 23. Rac1 Rac8 24. Bd6 Rfd8 25. Bg3 h5 26. Rxc8 Rxc8 27. Rd2 h4 28. Bf4 h3 29. gxh3 Bxh3 30. Kf2 Be6 31. Nc2 a5 32. Nd4 Bd7 33. Bg3 Re8 34. Rc2 a4 35. Rc7 axb3 36. Rxd7 bxa2 37. Nb3 Rc8 38. Rc7 1-0

[Event "Biel"]
[Site "Biel"]
[Date "1989.??.??"]
[Round "?"]
[White "Ivanchuk, Vassily"]
[Black "Hort, Vlastimil"]
[Result "1/2-1/2"]
[WhiteElo "2660"]
[BlackElo "2570"]
[PlyCount "31"]
[EventDate "1989.07.??"]
[Source "ChessBase"]

1. d4 d5 2. Nf3 Nf6 3. c4 e6 4. Nc3 Nbd7 5. Bg5 c6 6. e3 Qa5 7. Nd2 dxc4 8. Bxf6 Nxf6 9. Nxc4 Qc7 10. Bd3 Nd5 11. O-O Be7 12. Rc1 O-O 13. Ne5 g6 14. Qf3 Nxc3 15. Rxc3 Bd6 16. Qf6 1/2-1/2

[Event "1 division 2001/2002"]
[Site "?"]
[Date "2002.01.13"]
[Round "4.1"]
[White "Nielsen Peter Heine"]
[Black "Hansen Lars Bo"]
[Result "1-0"]
[WhiteElo "2642"]
[BlackElo "2586"]
[PlyCount "111"]
[EventDate "2002.??.??"]
[Source "www.chesslib.no"]
[SourceDate "2004.05.04"]

1. d4 d5 2. c4 c6 3. Nf3 Nf6 4. Nc3 e6 5. Bg5 Nbd7 6. e3 Qa5 7. cxd5 Nxd5 8. Qd2 Bb4 9. Rc1 c5 10. a3 Bxc3 11. bxc3 b6 12. Bd3 Bb7 13. O-O N5f6 14. Qe2 O-O 15. e4 cxd4 16. cxd4 Rfc8 17. Bd2 Qh5 18. h3 e5 19. d5 Nc5 20. Bb4 Nfd7 21. Bb5 a6 22. Bxd7 Nxd7 23. Qb2 f6 24. Rfe1 Qe8 25. Nd2 a5 26. Rxc8 Rxc8 27. Bd6 Ba6 28. Rc1 Rxc1+ 29. Qxc1 f5 30. exf5 Bb7 31. Qc4 Nf6 32. Qc7 Bxd5 33. Bxe5 Nd7 34. Bd4 h6 35. Qd6 Qf7 36. g4 Bb7 37. Bxb6 Nxb6 38. Qxb6 Qd5 39. Qb3 Kf7 40. Qxd5+ Bxd5 41. f3 Kf6 42. Kf2 Ke5 43. Ke3 Bg8 44. h4 Kd5 45. h5 a4 46. f4 Kd6 47. Kd4 Ke7 48. Ke5 Bb3 49. Ne4 Bd1 50. f6+ Kf7 51. fxg7 Kxg7 52. Nf6 Kf7 53. g5 hxg5 54. fxg5 Kg7 55. Kf4 Be2 56. Ng4 1-0

[Event "BL2-West 0001"]
[Site "Germany"]
[Date "2000.12.10"]
[Round "3.1"]
[White "Tregubov, Pavel V"]
[Black "Smagin, Sergey"]
[Result "1/2-1/2"]
[WhiteElo "2620"]
[BlackElo "2605"]
[PlyCount "130"]
[EventDate "2000.10.15"]
[Source "ChessBase"]
[SourceDate "2001.07.03"]

1. d4 Nf6 2. c4 e6 3. Nf3 d5 4. Nc3 Nbd7 5. Bg5 c6 6. e3 Qa5 7. Nd2 Bb4 8. Qc2 O-O 9. a3 c5 10. Rc1 Bxc3 11. Qxc3 Qxc3 12. bxc3 b6 13. cxd5 exd5 14. f3 Bb7 15. Kf2 Rfc8 16. Bd3 Nf8 17. dxc5 Rxc5 18. Nb3 Rcc8 19. Bxf6 gxf6 20. Rhd1 Bc6 21. Bb1 Rc7 22. Ba2 Ne6 23. Nd4 Rac8 24. Nxc6 Rxc6 25. Bxd5 Rxc3 26. Rxc3 Rxc3 27. Bxe6 fxe6 28. Rd8+ Kf7 29. Rd7+ Kg6 30. Rxa7 Rc2+ 31. Kg3 Re2 32. e4 e5 33. a4 Rb2 34. Ra8 Ra2 35. h4 h5 36. Ra6 Rb2 37. Kh3 Rb3 38. Kh2 Rb1 39. g3 Rb2+ 40. Kg1 Kg7 41. Kf1 Rb3 42. Ke2 Kf7 43. Ra7+ Kg6 44. f4 f5 45. fxe5 fxe4 46. e6 Kf6 47. e7 Kf7 48. Kf2 Rb2+ 49. Ke3 Rb3+ 50. Kxe4 Rxg3 51. Kd5 Rg4 52. Kc6 Rb4 53. Kd7 Rd4+ 54. Kc7 Kxe7 55. Kxb6+ Kd6 56. a5 Rb4+ 57. Ka6 Rxh4 58. Rh7 Rb4 59. Ka7 h4 60. a6 h3 61. Rxh3 Kc7 62. Rc3+ Kd7 63. Rh3 Kc7 64. Rh7+ Kc8 65. Rb7 Rc4 1/2-1/2

[Event "USA-ARM"]
[Site "Glendale"]
[Date "1994.??.??"]
[Round "4"]
[White "Yermolinsky, Alex"]
[Black "Akopian, Vladimir"]
[Result "1/2-1/2"]
[WhiteElo "2620"]
[BlackElo "2605"]
[PlyCount "70"]
[EventDate "1994.05.??"]
[Source "ChessBase"]

1. d4 d5 2. c4 c6 3. Nf3 Nf6 4. Nc3 e6 5. Bg5 Nbd7 6. e3 Qa5 7. Nd2 Bb4 8. Qc2 dxc4 9. Bxf6 Nxf6 10. Nxc4 Qd5 11. f3 Qd8 12. Bd3 O-O 13. O-O c5 14. a3 Bxc3 15. bxc3 cxd4 16. cxd4 b6 17. Ne5 Bb7 18. Rfc1 Rc8 19. Qd2 Qe7 20. Qb4 Nd5 21. Qxe7 Nxe7 22. Kf2 Rxc1 23. Rxc1 Rc8 24. Rxc8+ Nxc8 25. e4 Kf8 26. Ke3 Ke7 27. Nc4 Nd6 28. Nxd6 Kxd6 29. e5+ Ke7 30. g3 g6 31. h4 h6 32. f4 h5 33. Kd2 Bc6 34. Ba6 Kd7 35. Kc3 Kd8 1/2-1/2

[Event "OHRA"]
[Site "Amsterdam"]
[Date "1983.??.??"]
[Round "?"]
[White "Timman, Jan H"]
[Black "Seirawan, Yasser"]
[Result "1/2-1/2"]
[WhiteElo "2605"]
[BlackElo "2605"]
[PlyCount "76"]
[EventDate "1983.07.??"]
[Source "ChessBase"]

1. d4 Nf6 2. c4 e6 3. Nf3 d5 4. Nc3 Nbd7 5. Bg5 c6 6. e3 Qa5 7. Nd2 dxc4 8. Bxf6 Nxf6 9. Nxc4 Qc7 10. g3 Bd7 11. Bg2 c5 12. d5 exd5 13. Nxd5 Nxd5 14. Bxd5 O-O-O 15. a4 f5 16. Qf3 Kb8 17. O-O h5 18. Rfd1 Bc8 19. a5 g5 20. Ra3 Rh6 21. Rdd3 h4 22. Rab3 g4 23. Qf4 hxg3 24. hxg3 Ra6 25. Rb5 Qxf4 26. gxf4 Kc7 27. Rbb3 Bg7 28. Kf1 b6 29. axb6+ axb6 30. Na3 Ra5 31. Bc4 Rxd3 32. Bxd3 Bd7 33. Nb5+ Kc6 34. Na3 Be6 35. Bb5+ Kc7 36. Bc4 Bc8 37. Be2 Bd7 38. Bb5 Bxb5+ 1/2-1/2

[Event "EU-ch 3rd"]
[Site "Batumi"]
[Date "2002.06.15"]
[Round "4"]
[White "Jobava, Baadur"]
[Black "Gurevich, Mikhail"]
[Result "1-0"]
[WhiteElo "2566"]
[BlackElo "2641"]
[PlyCount "135"]
[EventDate "2002.06.12"]
[Source "ChessBase"]
[SourceDate "2002.09.20"]

1. d4 d5 2. c4 c6 3. Nc3 Nf6 4. Nf3 e6 5. Bg5 Nbd7 6. e3 Qa5 7. cxd5 Nxd5 8. Qd2 Bb4 9. Rc1 O-O 10. Bd3 h6 11. Bh4 e5 12. O-O Re8 13. Qc2 exd4 14. Nxd5 Qxd5 15. Rfd1 Ne5 16. Bh7+ Kh8 17. Nxe5 Qxe5 18. Rxd4 Be7 19. Rcd1 Be6 20. Bxe7 Rxe7 21. Bd3 c5 22. Re4 Qh5 23. Be2 Qg6 24. Qxc5 Bh3 25. Bf3 Rxe4 26. Bxe4 Qxe4 27. gxh3 Qg6+ 28. Kh1 Qe4+ 29. Kg1 Qg6+ 30. Kh1 Re8 31. Qd5 Qf6 32. Kg1 Qg6+ 33. Kf1 Qa6+ 34. Ke1 Kg8 35. Qd7 Rf8 36. a3 Qb6 37. Rd2 a6 38. Qd6 Qb5 39. Qd5 Qb6 40. Qd7 a5 41. Ke2 Qa6+ 42. Ke1 Qb6 43. Rc2 Qg6 44. Kd2 Qf6 45. Kc1 Qf3 46. Kb1 g6 47. Ka2 Kg7 48. a4 h5 49. h4 Kg8 50. Qd4 Qf5 51. Rd2 Qh3 52. Qf4 Qe6+ 53. Ka3 Qe7+ 54. Ka2 Rc8 55. Qg5 Qe6+ 56. Qd5 Qg4 57. Rd4 Qg1 58. Qxb7 Rf8 59. Rf4 Qe1 60. Qd5 Kg7 61. Qe5+ Kg8 62. Qc3 Qe2 63. Qxa5 Qd1 64. Qc5 Rb8 65. Qc4 Qd7 66. Rf6 Qb7 67. b3 Rc8 68. Rxf7 1-0

[Event "otb"]
[Site "otb"]
[Date "2007.05.06"]
[Round "4"]
[White "Miroshnichenko Evgenij"]
[Black "Filippov Valerij"]
[Result "1-0"]
[WhiteElo "2646"]
[BlackElo "2552"]
[PlyCount "119"]
[Source "www.chesslib.no"]
[SourceDate "2004.05.04"]

1. d4 d5 2. c4 c6 3. Nf3 Nf6 4. Nc3 e6 5. Bg5 Nbd7 6. e3 Qa5 7. Nd2 Bb4 8. Qc2 c5 9. Nb3 Qa4 10. Bxf6 Nxf6 11. dxc5 Ne4 12. cxd5 Nxc3 13. bxc3 Bxc5 14. Bd3 Bb6 15. dxe6 Bxe6 16. O-O g6 17. Be4 Rb8 18. Rfc1 O-O 19. Nd4 Qxc2 20. Rxc2 Bc4 21. a4 Ba5 22. Nb5 Bb3 23. Rb2 Be6 24. Rc1 Rfc8 25. Nxa7 Rxc3 26. Rxc3 Bxc3 27. Rxb7 Rd8 28. Rb1 Kg7 29. g3 Rd2 30. Nb5 Be5 31. Nd4 Bxd4 32. exd4 Rxd4 33. Bc6 Rd6 34. Bb7 Rd2 35. Ra1 Rd7 36. Bc8 Rd6 37. Bxe6 Rxe6 38. a5 Ra6 39. f4 Kf6 40. Kf2 Ke6 41. g4 h6 42. Ke3 Kd5 43. h4 Kc5 44. f5 gxf5 45. gxf5 h5 46. Kf4 f6 47. Ke4 Kd6 48. Kd4 Kc6 49. Rc1+ Kd7 50. Rc5 Ra8 51. Kc4 Kd6 52. Kb4 Ra6 53. Rc8 Ra7 54. Re8 Rb7+ 55. Kc4 Rc7+ 56. Kd4 Rc1 57. Re6+ Kc7 58. Rxf6 Rh1 59. Kd5 Rxh4 60. Rf7+ 1-0

[Event "Acropolis 2007"]
[Site "Athens"]
[Date "2007.08.21"]
[Round "8.3"]
[White "Halkias, Stelios"]
[Black "Svetushkin, Dmitry"]
[Result "0-1"]
[WhiteElo "2580"]
[BlackElo "2618"]
[PlyCount "118"]
[EventDate "2007.08.14"]
[Source "www.chesslib.no"]
[SourceDate "2004.05.04"]

1. d4 d5 2. c4 c6 3. Nc3 Nf6 4. Nf3 e6 5. Bg5 Nbd7 6. e3 Qa5 7. cxd5 exd5 8. Bd3 Ne4 9. O-O Nxg5 10. Nxg5 Nf6 11. Qc2 g6 12. f4 Bg7 13. Qf2 Qc7 14. Rae1 Bf5 15. Bxf5 gxf5 16. Qc2 Qd7 17. Nf3 Ne4 18. Ne5 Qe6 19. Nxe4 fxe4 20. f5 Qd6 21. f6 Bf8 22. Qe2 Qc7 23. Qh5 Bd6 24. Rf5 Rf8 25. Rg5 O-O-O 26. Qxh7 Kb8 27. Qf5 Ka8 28. Rg7 c5 29. Rc1 Bxe5 30. Qxe5 Qa5 31. dxc5 d4 32. Qg3 d3 33. c6 bxc6 34. Rd1 Qxa2 35. Qc7 Rc8 36. Qe7 Qa4 37. b3 Qxb3 38. Ra1 Qb6 39. Qxe4 Rce8 40. Qd4 Qxd4 41. exd4 Re4 42. Kf2 Rxd4 43. Ke3 Rd7 44. Kd2 Re8 45. Kc3 Re2 46. Rc1 Rf2 47. Rg3 Rd5 48. Rd1 Rc2+ 49. Kb3 Rb5+ 50. Ka3 Rc3+ 51. Ka4 Rbb3 52. Ra1 Kb7 53. h4 Kb6 54. Rg8 Kc7 55. Rf8 c5 56. h5 d2 57. Rxf7+ Kb6 58. Rb7+ Kxb7 59. Ka5 Ra3+ 0-1

[Event "XXIII Open"]
[Site "Reykjavik ISL"]
[Date "2008.03.10"]
[Round "8.2"]
[White "Mikhalevski, Victor"]
[Black "Stefansson, Hannes"]
[Result "0-1"]
[WhiteElo "2632"]
[BlackElo "2564"]
[PlyCount "132"]
[EventDate "2008.03.03"]
[Source "www.chesslib.no"]
[SourceDate "2004.05.04"]

1. d4 d5 2. c4 c6 3. Nf3 Nf6 4. Nc3 e6 5. Bg5 Nbd7 6. e3 Qa5 7. cxd5 Nxd5 8. Qd2 Bb4 9. Rc1 h6 10. Bh4 c5 11. a3 Bxc3 12. bxc3 b6 13. Ne5 Nxe5 14. dxe5 g5 15. Bg3 Bb7 16. e4 Ne7 17. h4 Bxe4 18. hxg5 h5 19. Qb2 O-O-O 20. Qb4 Qxb4 21. cxb4 Bd3 22. bxc5 b5 23. Rh4 Bxf1 24. Kxf1 Kb7 25. a4 a6 26. Rf4 Nf5 27. c6+ Kb6 28. a5+ Kxa5 29. Rxf5 exf5 30. e6 fxe6 31. Bc7+ Ka4 32. Ra1+ Kb4 33. Rxa6 Ra8 34. Bd6+ Kc4 35. Rb6 Kd5 36. c7 e5 37. Be7 Rhc8 38. Rd6+ Kc4 39. Rd8 Ra1+ 40. Ke2 Rxc7 41. Bf6 Rg1 42. g3 Rc6 43. Rf8 f4 44. Bxe5 fxg3 45. Bxg3 Rg6 46. Rf4+ Kb3 47. Rf5 b4 48. Bf4 Kc4 49. Bd2 Re6+ 50. Be3 b3 51. Rc5+ Kb4 52. Rc8 Rxg5 53. Kd3 Rd5+ 54. Bd4 Red6 55. Rb8+ Ka5 56. Rxb3 Rxd4+ 57. Ke2 Rb4 58. Re3 Rd5 59. Kf3 Kb5 60. Kg3 Rg4+ 61. Kh3 Kc4 62. f3 Rg1 63. Kh2 Rg8 64. Kh3 Kd4 65. Re4+ Kd3 66. Ra4 Ke3 0-1

[Event "Valle d'Aosta op 10th"]
[Site "Valle d'Aosta"]
[Date "2002.02.15"]
[Round "7"]
[White "Babula, Vlastimil"]
[Black "Gurevich, Mikhail"]
[Result "1/2-1/2"]
[WhiteElo "2551"]
[BlackElo "2641"]
[PlyCount "112"]
[EventDate "2002.02.09"]
[Source "ChessBase"]
[SourceDate "2002.03.14"]

1. d4 d5 2. c4 c6 3. Nf3 Nf6 4. Nc3 e6 5. Bg5 Nbd7 6. e3 Qa5 7. cxd5 Nxd5 8. Qd2 Bb4 9. Rc1 h6 10. Bh4 O-O 11. Bd3 e5 12. a3 Bxc3 13. bxc3 exd4 14. cxd4 Qxa3 15. O-O Re8 16. e4 Nf4 17. Bb1 Ng6 18. d5 cxd5 19. exd5 Nxh4 20. Nxh4 Nf6 21. d6 Rd8 22. Rfd1 Bg4 23. f3 Be6 24. Nf5 Ne8 25. Nxh6+ Kf8 26. Nf5 Bxf5 27. Bxf5 Rxd6 28. Qf4 Rad8 29. Re1 Nf6 30. h4 Qa5 31. Kh2 Rd4 32. Qg5 R4d5 33. g4 Re5 34. Rxe5 Qxe5+ 35. Kh3 Qd6 36. h5 Nd5 37. Rc4 Re8 38. Qd2 Re3 39. Qf2 b5 40. Rc8+ Ke7 41. Qh4+ f6 42. Qg3 Nf4+ 43. Kh4 Re2 44. Qg1 Ng2+ 45. Kh3 Nf4+ 46. Kh4 Ng2+ 47. Kh3 Ne3 48. Ra8 Qf4 49. Rxa7+ Kd8 50. Qg3 Qxg3+ 51. Kxg3 Nxf5+ 52. gxf5 Re7 53. Ra6 Rb7 54. h6 gxh6 55. Rxf6 b4 56. Rxh6 b3 1/2-1/2

[Event "Olimpiadi 2008 - open"]
[Site "Dresda GER"]
[Date "2008.11.25"]
[Round "11"]
[White "Zhao Zong Yuan"]
[Black "Bruzon Batista, L."]
[Result "1-0"]
[WhiteElo "2567"]
[BlackElo "2622"]
[PlyCount "115"]
[EventDate "2008.11.13"]
[Source "www.chesslib.no"]
[SourceDate "2004.05.04"]

1. d4 d5 2. c4 c6 3. Nc3 Nf6 4. Nf3 e6 5. Bg5 Nbd7 6. e3 h6 7. Bh4 Be7 8. Bd3 dxc4 9. Bxc4 O-O 10. O-O b5 11. Bd3 Bb7 12. a3 a5 13. Rc1 Rc8 14. Qe2 b4 15. Bxf6 Nxf6 16. axb4 axb4 17. Na4 c5 18. dxc5 Qa5 19. Ne5 Qxa4 20. c6 Bxc6 21. Nxc6 Rxc6 22. Bb5 Rxc1 23. Bxa4 Rxf1+ 24. Kxf1 Rd8 25. Qc4 Kf8 26. Ke2 h5 27. f3 g6 28. e4 Ra8 29. Qc6 Rd8 30. g3 h4 31. Qc7 hxg3 32. hxg3 Ra8 33. Bc6 Ra1 34. g4 Rc1 35. Qc8+ Kg7 36. Qb7 Kf8 37. e5 Ng8 38. Be4 Rh1 39. Kd3 g5 40. Kc4 Kg7 41. Qa7 Rc1+ 42. Kb3 Rc5 43. Qb8 Rc1 44. Qb5 Nh6 45. Bc2 Rh1 46. Qd3 Ng8 47. Kc4 Kf8 48. Kb5 Kg7 49. b3 Kf8 50. Qe4 Rh4 51. Bd3 Kg7 52. Kc6 Kf8 53. Qe3 Rh3 54. Kd7 Kg7 55. Ke8 Rh8 56. Be4 Rh1 57. f4 gxf4 58. Qxf4 1-0

[Event "Synthesia Rapid Open"]
[Site "Pardubice CEC"]
[Date "2007.07.18"]
[Round "3"]
[White "Korobov, A."]
[Black "Navara, D."]
[Result "0-1"]
[WhiteElo "2530"]
[BlackElo "2656"]
[PlyCount "59"]
[EventDate "2007.07.18"]
[Source "www.chesslib.no"]
[SourceDate "2004.05.04"]

1. d4 d5 2. c4 e6 3. Nc3 c6 4. Nf3 Nf6 5. Bg5 Nbd7 6. e3 Qa5 7. cxd5 Nxd5 8. Qb3 Bb4 9. Rc1 c5 10. a3 Bxc3+ 11. bxc3 h6 12. Bh4 cxd4 13. exd4 O-O 14. Bg3 N7b6 15. Bd3 Bd7 16. O-O Qa4 17. Qxa4 Bxa4 18. c4 Nf6 19. Rb1 Bc6 20. Ne5 Rfd8 21. c5 Na4 22. Nxc6 bxc6 23. Ba6 Rxd4 24. Bb7 Rad8 25. Be5 Rd2 26. Bd6 Ne4 27. Bxc6 Naxc5 28. Bf4 Rc2 29. Be3 Nc3 30. Ra1 0-1

[Event "Open Aeroflot"]
[Site "Mosca RUS"]
[Date "2007.02.18"]
[Round "5"]
[White "Khismatullin, D."]
[Black "Berg, E."]
[Result "0-1"]
[WhiteElo "2599"]
[BlackElo "2586"]
[PlyCount "90"]
[EventDate "2007.02.14"]
[Source "www.chesslib.no"]
[SourceDate "2004.05.04"]

1. c4 e6 2. Nc3 Nf6 3. Nf3 d5 4. d4 c6 5. Bg5 Nbd7 6. e3 Be7 7. Bd3 a6 8. O-O dxc4 9. Bxc4 b5 10. Bd3 c5 11. Qe2 Bb7 12. Rfd1 b4 13. Na4 cxd4 14. exd4 Qa5 15. b3 O-O 16. Bd2 Bd6 17. h3 Qh5 18. Rac1 Rfd8 19. Rc2 a5 20. Rdc1 Bd5 21. Be3 h6 22. Nd2 Qh4 23. Bb5 Rab8 24. Bc6 Nf8 25. Bxd5 Nxd5 26. Rc6 Ng6 27. Qf3 Nge7 28. Ra6 Nf5 29. Ne4 Bf4 30. Bxf4 Nxd4 31. Qg4 Qxg4 32. hxg4 Nxf4 33. Rc4 Rd5 34. Rc7 Nde2+ 35. Kh2 Rbb5 36. Ra8+ Kh7 37. Ng3 Nxg3 38. Kxg3 Ne2+ 39. Kf3 Ng1+ 40. Kg3 Ne2+ 41. Kf3 Nd4+ 42. Kg3 h5 43. f4 hxg4 44. Rxf7 Nf5+ 45. Kh2 Rd4 0-1

[Event "8. WUCC"]
[Site "?"]
[Date "2004.09.10"]
[Round "7"]
[White "Jobava Baadur"]
[Black "Bocharov Dmitry"]
[Result "1/2-1/2"]
[WhiteElo "2615"]
[BlackElo "2569"]
[PlyCount "26"]
[EventDate "2004.??.??"]
[Source "www.chesslib.no"]
[SourceDate "2004.05.04"]

1. d4 d5 2. c4 c6 3. Nc3 Nf6 4. Nf3 e6 5. Bg5 Nbd7 6. e3 Qa5 7. cxd5 Nxd5 8. Qd2 Bb4 9. Rc1 h6 10. Bh4 c5 11. Bd3 cxd4 12. exd4 b6 13. O-O Bb7 1/2-1/2

[Event "FRA-chT"]
[Site "Bordeus"]
[Date "2001.04.01"]
[Round "7.2"]
[White "Dorfman, Josif"]
[Black "Fressinet, Laurent"]
[Result "0-1"]
[WhiteElo "2602"]
[BlackElo "2581"]
[PlyCount "126"]
[EventDate "2001.03.29"]
[Source "www.chesslib.no"]
[SourceDate "2004.05.04"]

1. d4 d5 2. c4 c6 3. Nf3 Nf6 4. Nc3 e6 5. Bg5 Nbd7 6. e3 Qa5 7. cxd5 Nxd5 8. Qd2 Bb4 9. Rc1 h6 10. Bh4 c5 11. a3 Bxc3 12. bxc3 b6 13. Bd3 Bb7 14. e4 N5f6 15. d5 exd5 16. e5 g5 17. exf6 O-O-O 18. Bg3 Rhe8+ 19. Kf1 Ba6 20. Kg1 Nxf6 21. Ne5 Bxd3 22. Qxd3 Ne4 23. c4 Nxg3 24. Qxg3 f6 25. Nf3 Qxa3 26. Qg4+ Kb8 27. Rf1 Qd3 28. h3 dxc4 29. Kh2 f5 30. Qh5 Qd6+ 31. g3 Qf6 32. Re1 Re4 33. Rd1 Rxd1 34. Rxd1 c3 35. Ne1 Qe6 36. Ng2 Re2 37. Qf3 c2 38. Rc1 Rd2 39. Ne3 Qb3 40. Kg2 Qb2 41. Qxf5 Qxc1 42. Qe5+ Kc8 43. Qe8+ Kc7 44. Qe7+ Kc8 45. Qe8+ Rd8 46. Qe6+ Kc7 47. Qe5+ Rd6 48. Qe7+ Rd7 49. Qe5+ Rd6 50. Qe7+ Kc6 51. Qe4+ Kb5 52. Qc4+ Ka5 53. Qa2+ Kb4 54. Nxc2+ Kc3 55. Ne3 Rd2 56. Qc4+ Kb2 57. Qe6 Ka1 58. Qxh6 c4 59. Qg7+ c3 60. Qxa7+ Ra2 61. Qxb6 Qd2 62. Kf3 Qe2+ 63. Ke4 c2 0-1

[Event "Russia (ch) 82/398"]
[Site "?"]
[Date "2001.??.??"]
[Round "?"]
[White "Aseev, K."]
[Black "Najer, E."]
[Result "1/2-1/2"]
[WhiteElo "2577"]
[BlackElo "2600"]
[PlyCount "85"]
[EventDate "2001.??.??"]
[Source "Chess Informant"]
[SourceDate "2001.06.01"]

1. d4 Nf6 2. c4 e6 3. Nf3 d5 4. Nc3 Nbd7 5. Bg5 c6 6. e3 Qa5 7. Nd2 Bb4 8. Qc2 O-O 9. Nb3 Bxc3+ 10. bxc3 Qa4 11. cxd5 cxd5 12. Bd3 b6 13. Nd2 Qxc2 14. Bxc2 Ba6 15. O-O-O Ng4 16. Bh4 Nh6 17. Kb2 Nf5 18. Bg3 Nxg3 19. hxg3 Nf6 20. f3 h6 21. Bb3 Rac8 22. Rc1 Rc7 23. c4 Rfc8 24. cxd5 Rxc1 25. Rxc1 Rxc1 26. Kxc1 Nxd5 27. Bxd5 exd5 28. e4 dxe4 29. fxe4 Bb7 30. Kc2 f5 31. exf5 Bxg2 32. Kd3 Kf7 33. Ke3 Ke7 34. Kf4 Bd5 35. a3 Kd6 36. Nb1 a5 37. Nc3 Bc4 38. a4 Bb3 39. g4 Bc2 40. g5 hxg5+ 41. Kxg5 Bd3 42. Kg6 Bc2 43. Kg5 1/2-1/2

[Event "Elista ol (Men)"]
[Site "Elista"]
[Date "1998.10.07"]
[Round "9"]
[White "Pelletier, Yannick"]
[Black "Oll, Lembit"]
[Result "0-1"]
[WhiteElo "2525"]
[BlackElo "2650"]
[PlyCount "62"]
[EventDate "1998.09.29"]
[Source "ChessBase"]
[SourceDate "1998.11.06"]

1. Nf3 d5 2. d4 Nf6 3. c4 e6 4. Nc3 Nbd7 5. Bg5 c6 6. e3 Qa5 7. cxd5 Nxd5 8. Qd2 Bb4 9. Rc1 h6 10. Bh4 c5 11. Bd3 cxd4 12. exd4 O-O 13. O-O b6 14. a3 Bxc3 15. bxc3 Bb7 16. Be4 f5 17. Bxd5 Bxd5 18. Be7 Rf7 19. Bb4 Qa4 20. c4 Bxf3 21. gxf3 a5 22. Bd6 Qc6 23. c5 Qxf3 24. c6 Nf6 25. Qa2 Nd5 26. Be5 Rf6 27. Rfe1 Rg6+ 28. Kf1 Qd3+ 29. Re2 Qh3+ 30. Ke1 Rg1+ 31. Kd2 Rxc1 0-1

[Event "8th It"]
[Site "Montreal CAN"]
[Date "2007.07.23"]
[Round "4"]
[White "Bluvshtein, M."]
[Black "Miton, K."]
[Result "1/2-1/2"]
[WhiteElo "2520"]
[BlackElo "2648"]
[PlyCount "51"]
[EventDate "2007.07.19"]
[Source "www.chesslib.no"]
[SourceDate "2004.05.04"]

1. d4 d5 2. c4 c6 3. Nf3 Nf6 4. Nc3 e6 5. Bg5 Nbd7 6. e3 Qa5 7. Nd2 Bb4 8. Qc2 e5 9. Bxf6 Nxf6 10. dxe5 Ne4 11. cxd5 Nxc3 12. bxc3 Bxc3 13. Rc1 Bxd2+ 14. Qxd2 Qxd5 15. Qxd5 cxd5 16. Rc7 O-O 17. Be2 Be6 18. Kd2 f6 19. exf6 Rxf6 20. Bf3 g5 21. h3 h5 22. Rxb7 g4 23. hxg4 hxg4 24. Be2 Rxf2 25. Rbh7 Rc8 26. Rh8+ 1/2-1/2